[Event "Sherbrooke Perpetuelles 13-26c"]
[Site "Sherbrooke"]
[Date "2005.04.22"]
[Round "2"]
[White "Belzil, Julien"]
[Black "Laplante, Sebastien"]
[Result "1-0"]
[WhiteElo "1312"]
[BlackElo "1134"]
[PlyCount "59"]
[EventDate "2005.04.??"]
[EventType "swiss"]
[EventRounds "5"]
[EventCountry "CAN"]
[SourceTitle "EXT 2006"]
[Source "ChessBase"]
[SourceDate "2005.11.24"]
[SourceVersion "1"]
[SourceVersionDate "2005.11.24"]
[SourceQuality "1"]

1. c4 e5 2. e4 d6 3. Nc3 Be6 4. d3 c5 5. Nf3 Be7 6. Be2 Nc6 7. 0-0 h6 8. Qa4 Nf6 9. Nd5 Bd7 10. Qb3 Na5 11. Qc2 Bg4 12. Bd2 Nc6 13. Qa4 0-0 14. h3 Bxf3 15. Bxf3 Nd4 16. Bd1 Nxd5 17. cxd5 b5 18. Qa3 b4 19. Qa6 Qc7 20. Qc4 f5 21. f4 fxe4 22. dxe4 Bg5 23. fxg5 Rxf1+ 24. Qxf1 Rf8 25. Qd3 c4 26. Qg3 h5 27. g6 Qb6 28. Qe3 Rf2 29. Qxf2 a5 30. Qf7+ 1-0

[Event "Sherbrooke Perpetuelles 13-26a"]
[Site "Sherbrooke"]
[Date "2005.01.28"]
[Round "3"]
[White "Belzil, Julien"]
[Black "Galindo, Gabriel"]
[Result "1-0"]
[WhiteElo "1318"]
[BlackElo "1310"]
[PlyCount "67"]
[EventDate "2005.01.??"]
[EventType "swiss"]
[EventRounds "5"]
[EventCountry "CAN"]
[SourceTitle "EXT 2006"]
[Source "ChessBase"]
[SourceDate "2005.11.24"]
[SourceVersion "1"]
[SourceVersionDate "2005.11.24"]
[SourceQuality "1"]

1. c4 Nc6 2. d4 e6 3. e4 d5 4. e5 Nge7 5. Nf3 Nf5 6. Nc3 Bb4 7. Qd3 h6 8. a3 Bxc3+ 9. Qxc3 0-0 10. Bd3 Nh4 11. Be2 f5 12. 0-0 dxc4 13. Bxc4 Nxf3+ 14. Qxf3 Qxd4 15. Be2 Nxe5 16. Qg3 Ng4 17. h3 f4 18. Qxg4 g5 19. Qh5 Qf6 20. Bc4 Rf7 21. Rb1 b6 22. Qf3 Rb8 23. Bd2 Bb7 24. Qg4 Re8 25. Bc3 Qg6 26. Rfd1 h5 27. Qe2 f3 28. Qe5 Kh7 29. Bd3 Qxd3 30. Rxd3 fxg2 31. Rbd1 Kg6 32. Rd7 Bf3 33. Rxf7 Kxf7 34. Qg7# 1-0

[Event "Sherbrooke Perpetuelles 7-12"]
[Site "Sherbrooke"]
[Date "2004.12.10"]
[Round "5"]
[White "Galindo, Gabriel"]
[Black "Belzil, Julien"]
[Result "1-0"]
[WhiteElo "1045"]
[BlackElo "1337"]
[PlyCount "60"]
[EventDate "2004.??.??"]
[EventType "swiss"]
[EventRounds "6"]
[EventCountry "CAN"]
[SourceTitle "EXT 2006"]
[Source "ChessBase"]
[SourceDate "2005.11.24"]
[SourceVersion "1"]
[SourceVersionDate "2005.11.24"]
[SourceQuality "1"]

1. e4 c6 2. d4 d5 3. e5 e6 4. Nf3 c5 5. c3 Nc6 6. Nbd2 c4 7. b3 Qa5 8. Qc2 b5 9. bxc4 bxc4 10. h4 Nge7 11. g4 Bd7 12. Be2 h6 13. Kf1 a6 14. Kg2 0-0-0 15. Bb2 Na7 16. Rab1 Ba4 17. Qc1 Ng6 18. Nb3 Qb6 19. h5 Ne7 20. Nc5 Bb5 21. Ba3 f6 22. Qf4 Nec6 23. exf6 Bd6 24. Qe3 gxf6 25. Qxe6+ Kc7 26. Qxf6 Rhg8 27. Ne6+ Kc8 28. Bxd6 Rxg4+ 29. Kf1 Rd7 30. a4 Ne7 1-0